000 00669nam a2200241Ia 4500
003 OSt
005 20220924151708.0
006 a|||||r|||| 00| 0
007 ta
008 220923b |||||||| |||| 00| 0 tel d
024 _a338709
037 _cTextual
040 _aARTS
_cARTS
_btel
041 _2tel
_atel
082 _aV216:51wM80, 35M0
100 _aRavuru Kalapraoorna Au.
_9224766
245 0 _aMana Pattabhi
260 _c1980
650 _aHISTORY
700 _a Rao Venkata Satyanaryana Au.
_9224767
942 _hV216:51wM80, 35M0
_cTEXL
_2CC
999 _c467417
_d467417